000 00637nam a22001577a 4500
008 160525b xxu||||| |||| 00| 0 eng d
082 _22010
_aUT 0202
_bY92
100 _98999
_aYuro, Ransel Krisja C.
245 _aProfile assessment of part-time instructor in selected tertiary schools in Digos City/
_cRansel Krisja C. Yuro, Alex M. Taguenca Jr. and Marilyn L. Basoy.
260 _aDigos City:
_bUMDC
_cMarch 2010.
300 _a49 pages;
_c28 cm.
650 0 _98998
_aBusiness Administration
_vFinancial Management
_xUndergraduate thesis.
700 _98996
_aTaguenca, Alex M.
_bJr.
700 _98997
_aBasoy, Marilyn L.
942 _2ddc
_cUT
999 _c2720
_d2720